000 00509nam a2200181Ia 4500
005 20250326123737.0
008 250326s9999 xx 000 0 und d
037 _aTextbook
040 _aFMSL
_beng
_cFMSL
041 _aeng
_2eng
084 _aMB1 K2
_qFMSL
100 _aWilcox G
_9735968
245 0 _aIndustrial calculating devices
_cWilcox G; Butler C H
260 _aUSA Holt
_bUSA Holt, Rinehart and Winston
_c1962
300 _a203p
942 _cTB
_hMB1 K2
999 _c1270765
_d1270765